Statistics for 2014 World Cup Teams

Click here to take the quiz!

General Stats

  • This quiz has been taken 161 times
  • The average score is 27 of 32

Answer Stats

Answer % Correct
Brazil
96%
United States
95%
Spain
95%
Germany
95%
England
95%
Italy
92%
Argentina
92%
Portugal
90%
Mexico
89%
Australia
89%
France
89%
Netherlands
88%
Chile
88%
Uruguay
88%
Japan
87%
Colombia
83%
Croatia
83%
South Korea
81%
Nigeria
80%
Cameroon
80%
Belgium
80%
Russia
80%
Ghana
78%
Costa Rica
77%
Switzerland
76%
Greece
73%
Algeria
73%
Honduras
71%
Iran
71%
Cote d'Ivoire
71%
Bosnia & Herzegovina
70%
Ecuador
65%

Score Distribution

Percentile by Number Answered

Percent of People with Each Score

Your Score History

You have not taken this quiz